International financial management / (Record no. 18457)
[ view plain ]
| 000 -LEADER | |
|---|---|
| fixed length control field | 01235nam a22003495a 4500 |
| 001 - CONTROL NUMBER | |
| control field | 016589213 |
| 003 - CONTROL NUMBER IDENTIFIER | |
| control field | OSt |
| 005 - DATE AND TIME OF LATEST TRANSACTION | |
| control field | 20201128021106.0 |
| 008 - FIXED-LENGTH DATA ELEMENTS--GENERAL INFORMATION | |
| fixed length control field | 131120t2014 xxka frd 001 0 eng d |
| 020 ## - INTERNATIONAL STANDARD BOOK NUMBER | |
| International Standard Book Number | 9781408079812 (pbk.) |
| 040 ## - CATALOGING SOURCE | |
| Original cataloging agency | StDuBDS |
| Language of cataloging | eng |
| Transcribing agency | StDuBDS |
| Modifying agency | EG-ScBUE |
| 082 04 - DEWEY DECIMAL CLASSIFICATION NUMBER | |
| Classification number | 658.1599 |
| Edition number | 22 |
| Item number | MAD |
| 100 1# - MAIN ENTRY--PERSONAL NAME | |
| Personal name | Madura, Jeff. |
| 9 (RLIN) | 33658 |
| 245 10 - TITLE STATEMENT | |
| Title | International financial management / |
| Statement of responsibility, etc | Jeff Madura and Roland Fox. |
| 250 ## - EDITION STATEMENT | |
| Edition statement | 3rd ed. |
| 260 ## - PUBLICATION, DISTRIBUTION, ETC. (IMPRINT) | |
| Place of publication, distribution, etc | Hampshire : |
| Name of publisher, distributor, etc | Cengage Learning, |
| Date of publication, distribution, etc | c.2014 |
| Place of manufacture | ([Beijing] : |
| Manufacturer | RR Donnelley) |
| 300 ## - PHYSICAL DESCRIPTION | |
| Extent | xxiii, 671 p. : |
| Other physical details | ill. ; |
| Dimensions | 25 cm. |
| 500 ## - GENERAL NOTE | |
| General note | Includes Internet access. |
| 500 ## - GENERAL NOTE | |
| General note | Activations is required for online access. |
| 500 ## - GENERAL NOTE | |
| General note | Includes appendix. |
| 500 ## - GENERAL NOTE | |
| General note | Glossary : p. 658- 665. |
| 500 ## - GENERAL NOTE | |
| General note | Index : p. 666-671.<br/> |
| 504 ## - BIBLIOGRAPHY, ETC. NOTE | |
| Bibliography, etc | Includes bibliographical references. |
| 650 #7 - SUBJECT ADDED ENTRY--TOPICAL TERM | |
| Topical term or geographic name as entry element | International finance. |
| 9 (RLIN) | 1619 |
| Source of heading or term | BUEsh |
| 650 #7 - SUBJECT ADDED ENTRY--TOPICAL TERM | |
| Topical term or geographic name as entry element | International business enterprises |
| General subdivision | Finance |
| Form subdivision | Problems, exercises, etc. |
| 9 (RLIN) | 33661 |
| Source of heading or term | BUEsh |
| 650 #7 - SUBJECT ADDED ENTRY--TOPICAL TERM | |
| Topical term or geographic name as entry element | Foreign exchange |
| Form subdivision | Problems, exercises, etc. |
| 9 (RLIN) | 33663 |
| Source of heading or term | BUEsh |
| 651 ## - SUBJECT ADDED ENTRY--GEOGRAPHIC NAME | |
| Source of heading or term | BUEsh |
| 653 ## - INDEX TERM--UNCONTROLLED | |
| Resource For college | BAEPS, Business Administration |
| Arrived date list | October2014 |
| -- | October2015 |
| 655 ## - INDEX TERM--GENRE/FORM | |
| Form subdivision | Text book |
| -- | 33728 |
| 700 1# - ADDED ENTRY--PERSONAL NAME | |
| 9 (RLIN) | 36223 |
| Personal name | Fox, Roland |
| 942 ## - ADDED ENTRY ELEMENTS (KOHA) | |
| Source of classification or shelving scheme | Dewey Decimal Classification |
| Call number prefix | 658.1599 MAD |
| Withdrawn status | Item status | Source of classification or shelving scheme | Damaged status | Not for loan | Vendor | Home library | Current library | Shelving location | Date acquired | Source of acquisition | Cost, normal purchase price | Total Checkouts | Full call number | Barcode | Date last seen | Cost, replacement price | Koha item type | Total Renewals | Date last borrowed | Materials specified (bound volume or other part) |
|---|---|---|---|---|---|---|---|---|---|---|---|---|---|---|---|---|---|---|---|---|
| Dewey Decimal Classification | Baccah | Central Library | Central Library | First floor | 15/10/2014 | 260.00 | 658.1599 MAD | 000036677 | 15/07/2025 | 325.00 | NB - Book (Non borrowing) | |||||||||
| Dewey Decimal Classification | Baccah | Central Library | Central Library | First floor | 15/10/2014 | 260.00 | 14 | 658.1599 MAD | 000036678 | 15/07/2025 | 325.00 | Book - Borrowing | 95 | 05/10/2022 | ||||||
| Lost | Dewey Decimal Classification | Baccah | Central Library | Central Library | First floor | 15/10/2014 | 260.00 | 658.1599 MAD | 000036679 | 15/10/2014 | 325.00 | Book - Borrowing | Lost In Inventory_2015-8-23 | |||||||
| Dewey Decimal Classification | Baccah | Central Library | Central Library | First floor | 15/10/2014 | 260.00 | 14 | 658.1599 MAD | 000036680 | 15/07/2025 | 325.00 | Book - Borrowing | 103 | 30/10/2021 | ||||||
| Dewey Decimal Classification | Baccah | Central Library | Central Library | First floor | 15/10/2014 | 260.00 | 15 | 658.1599 MAD | 000036681 | 15/07/2025 | 325.00 | Book - Borrowing | 57 | 02/12/2020 | ||||||
| Dewey Decimal Classification | Baccah | Central Library | Central Library | First floor | 13/10/2015 | Purchase | 6 | 658.1599 MAD | 000039882 | 15/07/2025 | Book - Borrowing | 21 | 20/07/2017 | |||||||
| Dewey Decimal Classification | Baccah | Central Library | Central Library | First floor | 13/10/2015 | Purchase | 15 | 658.1599 MAD | 000039883 | 15/07/2025 | Book - Borrowing | 61 | 20/10/2019 | |||||||
| Dewey Decimal Classification | Baccah | Central Library | Central Library | First floor | 13/10/2015 | Purchase | 14 | 658.1599 MAD | 000039884 | 15/07/2025 | Book - Borrowing | 35 | 17/12/2022 | |||||||
| Dewey Decimal Classification | Baccah | Central Library | Central Library | First floor | 13/10/2015 | Purchase | 7 | 658.1599 MAD | 000039885 | 15/07/2025 | Book - Borrowing | 74 | 16/10/2021 |